Bombas (Record no. 100921)

MARC details
000 -LEADER
campo de control de longitud fija 00643nam a2200181 i 4500
001 - NÚMERO DE CONTROL
campo de control 100921
003 - IDENTIFICADOR DE NÚMERO DE CONTROL
campo de control ES-MaACL
007 - CAMPO FIJO DE DESCRIPCIÓN FÍSICA--INFORMACIÓN GENERAL
campo de control de longitud fija t|
008 - DATOS DE LONGITUD FIJA--INFORMACIÓN GENERAL
campo de control de longitud fija 051006s1954 sp ||||1| spa d
100 1# - ENTRADA PRINCIPAL--NOMBRE DE PERSONA
Nombre de persona Matthiessen, Hermann.
9 (RLIN) 79146
245 10 - MENCIÓN DEL TÍTULO
Título Bombas
Resto del título : manual para las Escuelas de Ingenieros /
Mención de responsabilidad, etc. Matthiessen-Fuchlocher; versión española por Martín Kraemer Morata.
250 ## - MENCION DE EDICION
Mención de edición 8ª ed. alemana
Resto de la mención de edición ampliada por Eugen Fuchlocher.
260 ## - PUBLICACIÓN, DISTRIBUCIÓN, ETC.
Lugar de publicación, distribución, etc. Barcelona :
Nombre del editor, distribuidor, etc. Labor,
Fecha de publicación, distribución, etc. 1954.
300 ## - DESCRIPCIÓN FÍSICA
Extensión VIII, 211 p. :
Otras características físicas il. ;
Dimensiones 23 cm.
700 1# - ENTRADA AGREGADA--NOMBRE PERSONAL
Nombre de persona Fuchslocher, Eugen.
9 (RLIN) 52815
700 1# - ENTRADA AGREGADA--NOMBRE PERSONAL
Nombre de persona Morata Kraemer, Martín.
9 (RLIN) 83151
852 ## - LOCALIZACIÓN
Ubicación ES-MaACL
Número de control de estantería C-6399
Sublocalización o colección R.35798
Holdings
Estatus retirado Estado de pérdida Estado de daño No para préstamo Biblioteca de origen Biblioteca actual Ubicación en estantería Fecha de adquisición Fuente de adquisición Total de préstamos Signatura topográfica completa Código de barras Visto por última vez Precio de reemplazo Tipo de ítem Koha
        Biblioteca del Ateneo de Madrid Biblioteca del Ateneo de Madrid Sala Palomar 17/01/2008     C-6399 1105371 23/02/2023 23/02/2023 Libro impreso